000 00297nam a2200121Ia 4500
005 20251222140039.0
008 251222s1900||||xx |||||||||||||| ||spa||
082 _a170/G23
100 _aGarcía López, Jesús
245 0 _aEl Valor de la Verdad y otros Estudios
264 _bGREDOS
942 _cLIB
999 _c3216
_d3216